Consciência, dialéctica e ética em J.- P. Sartre (Registo nº 21246)

Detalhes MARC
000 -Etiqueta do registo
Valores 00579nam a22001931i 4500
010 ## - Número ISBN
ISBN 9789722713832
090 ## -
-- 21246
100 ## - Dados gerais de processamento
Dados gerais 20170304u u u0frey50 ba
101 0# - Língua de publicação
-- por
200 1# - Titulo e menção de responsabilidade
Primeira menção de responsabilidade Cassiano Reimão
Título próprio Consciência, dialéctica e ética em J.- P. Sartre
210 ## - Publicação
Nome do editor Imprensa Nacional-Casa da Moeda
Local de publicação Lisboa
Data de publicação imp. 2005
215 ## - Descrição física 
Paginação / Volumes 494, [2] p.
Dimensões 24 cm
225 2# - Colecção 
Título próprio da colecção Estudos gerais
225 2# - Colecção 
Nome de parte ou secção Série universitária
300 ## - Notas gerais 
Texto da nota Oferta de Imprensa Nacional - Casa da Moeda
700 #1 - Autor principal (pessoa individual)
Apelido Reimão
Nome Cassiano
-- 070
Datas 1944-
801 ## - Fonte de origem
País PT
Regras de catalogação RPC
990 ## - Elementos KOHA
Tipo de documento Livro
Exemplares
Situação do levantamento Estado Biblioteca de origem Biblioteca de empréstimo Código de barras Cota Permissão de empréstimo Tipo de documento Localização na Estante Nota relativa ao exemplar
  Completo Biblioteca Municipal de Viana Do Alentejo Biblioteca Municipal de Viana Do Alentejo 0026250 1 REI Disponível Livro    
  Completo Biblioteca Municipal de Viana Do Alentejo Biblioteca Municipal de Viana Do Alentejo Pólo Alcáçovas 0026729 1 REI Disponível Livro Depósito Caixa 418




Powered by Koha